000 01274namaa22003131i 4500
003 EG-GICUC
005 20260420093805.0
008 260420m19681969iq ||||jr|||| 000 0 ara d
040 _aEG-GiCUC
_bara
_cEG-GiCUC
_dEG-GiCUC
_erda
082 0 4 _221
_a414.5
_bM424
092 0 4 _221
_a414.5
_bM424
099 _a414.5 M424
100 1 _a ‏ابن معصوم، علي بن أحمد
_d1642- 1707.
_eمؤلف.
245 1 _aأنوار الربيع فى أنواع البديع /
_cتأليف السيد على صدر الدين بن معصوم المدنى ؛ حققه وترجم لشعرائه شاكر هادى شكر
250 _aالطبعة الاولى
264 _a[بغداد] :
_bالناشر غير محدد،
_c1968-1969
300 _a؛ 7 مجلدات
_c24 سم
336 _2rdacontent
_atext
337 _2rdamedia
_aUnmediated
338 _2rdacarrier
_avolume
500 _aالمجلد السابع (فهارس)
504 _aيشتمل على ارجاعات ببليوجرافية
541 _aد. جابر عصفور ؛
_bالقاهرة ؛
_cإهداء ؛
_d2024.
650 1 7 _aالبلاغة العربية
_xالبديع
_2qrmak
651 1 _2qrmak
700 1 _aشكر، شاكر هادى
_eمحقق.
905 _aHuda
942 _2ddc
_cBK
_e21
_n0
999 _c179594
_d179594